02132nam a2200409 a 4500001001200000003000800012006001900020007001500039008004100054010001700095020002500112020002200137040002100159035002100180050002500201111011200226245028200338260005800620300002500678500018200703504004100885505008500926533015201011650004201163650004401205650005101249650004401300650003601344655002901380700002001409700002201429710007201451710003701523710001701560856012601577999001901703ebr10554804CaPaEBRm u cr cn|||||||||120502s2012 dcua sb 100 0 eng d z 2012360420 z9780309220248 (pbk.) z0309220246 (pbk.) aCaPaEBRcCaPaEBR a(OCoLC)78537407414aHV6626b.W675 2011eb2 aWorkshop on the Social and Economic Costs of Violence: The Value of Preventiond(2011 :cWashington, D.C.)10aSocial and economic costs of violenceh[electronic resource] :bworkshop summary /cDeepali M. Patel and Rachel M. Taylor, rapporteurs ; Forum on Global Violence Prevention, Board on Global Health ; Institute of Medicine and National Research Council of the National Academies. aWashington, D.C. :bNational Academies Press,cc2012. axiii, 177 p. :bill. a"On April 28-29, 2011, the Institute of Medicine's Forum on Global Violence Prevention convened its second workshop to explore the social and economic costs of violence."--P. 1. aIncludes bibliographical references.0 apt. 1. Workshop overview -- pt. 2. Papers and commentary from workshop speakers. aElectronic reproduction.bPalo Alto, Calif. :cebrary,d2013.nAvailable via World Wide Web.nAccess may be limited to ebrary affiliated libraries. 0aViolencexSocial aspectsvCongresses. 0aViolencexEconomic aspectsvCongresses. 0aFamily violencexEconomic aspectsvCongresses. 0aVictims of family violencevCongresses. 0aViolencexResearchvCongresses. 7aElectronic books.2local1 aPatel, Deepali.1 aTaylor, Rachel M.2 aInstitute of Medicine (U.S.).bForum on Global Violence Prevention.2 aNational Research Council (U.S.)2 aebrary, Inc.40uhttp://site.ebrary.com/lib/rucke/Doc?id=10554804zAn electronic book accessible through the World Wide Web; click to view c198380d198380